000 01089nam a2200253Ia 4500
001 21701
005 20260420111233.0
008 260320s9999||||xx |||||||||||||| ||und||
020 _a9786125068095
041 _aESP
082 _a370.985
_bS11
100 _aSaavedra, Jaime,
_eAUT
245 0 _aEstamos tarde :
_buna memoria para recobrar la educación en el Perú
250 _aPrimera edición
260 _aLima :
_bPenguin Random House Grupo Editorial,
_c2023
300 _a319 páginas :
_bfotografías, cuadros, gráficos ;
_c23 cm.
650 _aCIS
653 _aEducación - Perú
654 _aCED
856 _uhttps://0u21ax6ym-y-https-go-gale-com.itmsp.museknowledge.com/ps/start.do?authCount=1&u=ucsp&p=IFME&aty=ip
_zVéase además: Base de datos Gale OneFile Informe Académico
856 _uhttps://0u20jx6ya-y-https-www-jstor-org.itmsp.museknowledge.com/
_zVéase además: Base de datos JSTOR
856 _uhttps://0u20fx6yt-y-https-research-ebsco-com.itmsp.museknowledge.com/c/qxo6us/search
_zVéase además: Base de datos EBSCOhost
942 _cLIB
_dJUS
_fMAT
_2ddc
999 _c21701
_d21701